Score 0/32 Timer 09:00
3 Plays Today
% Correct
Mrs. Doubtfire
95.5%
Monsters, Inc.
89.4%
The Truman Show
85.5%
V for Vendetta
83.9%
Forrest Gump
83.5%
Anchorman: The Legend of Ron Burgundy
82%
Face/Off
77.5%
Beavis and Butt-Head Do America
76.9%
The Ring
76.6%
Poltergeist
76.2%
WALL-E
75.3%
Spaceballs
74.8%
Moneyball
69.2%
Jurassic World
63.8%
Avatar
62.9%
Basic Instinct
60.1%
% Correct
Bruce Almighty
54.5%
Total Recall
50.6%
Pleasantville
48.2%
Close Encounters of the Third Kind
45.4%
One Flew Over the Cuckoo's Nest
43.3%
American Beauty
40.5%
Deep Impact
38.2%
Nightcrawler
37.1%
Network
37%
Twelve Monkeys
36.8%
Good Night, and Good Luck.
32.8%
Quiz Show
32.3%
Requiem for a Dream
16.6%
The Insider
16.5%
Deja Vu
13%
Videodrome
10.3%
Remove Ads.
Support Sporcle.
Get the best of Sporcle when you Go Orange. This ad-free experience offers more features, more stats, and more fun while also helping to support Sporcle. Thank you for becoming a member.

You're not logged in!

Compare scores with friends on all Sporcle quizzes.
OR
Log In

Show Comments

Extras

Top Quizzes Today


Score Distribution

Your Account Isn't Verified!

In order to create a playlist on Sporcle, you need to verify the email address you used during registration. Go to your Sporcle Settings to finish the process.

Report this User

Report this user for behavior that violates our Community Guidelines.

Details: